The waves /

Bibliographic Details
Main Author: Woolf, Virginia, 1882-1941
Other Authors: Flint, Kate
Format: Book
Language:English
Published: London : Hogarth ; Penguin Books, 1992, 2020 [Reprinted 2000].
Subjects:
Classic Catalogue: View this record in Classic Catalogue
LEADER 01557nam a2200349 a 4500
001 11992
003 BD-DhAAL
005 20250724165128.0
008 090726r20001992enk 000 1 eng d
010 |a  93143075  
020 |a 0141182717 
020 |a 9780141182711 
020 |a 0701209984 (pbk)  
040 |a Uk  |c Uk  |d DLC  |d BD-DhAAL 
082 0 0 |a 823/.912  |2 20 
100 1 |a Woolf, Virginia,  |d 1882-1941. 
245 1 4 |a The waves /  |c Virginia Woolf, edited with introduction and notes by Kate Flint. 
260 |a London :  |b Hogarth ;  |b Penguin Books,  |c 1992, 2020 [Reprinted 2000]. 
300 |a xlv, 240 pages,  |a 217 pages ;  |c 20 cm 
504 |a Bibliography p. xli-xlii. 
541 1 |e 00011992, 44512 
600 |a Woolf, Virginia,  |d 1882-1941.  |t Waves  |9 33240 
650 0 |a Identity (Psychology)  |x Fiction.  |9 58854 
650 0 |a Friendship  |x Fiction.  |9 12583 
650 0 |a English literature. 
655 7 |a Psychological fiction.  |2 lcsh 
700 1 |a Flint, Kate.  |9 33243 
852 4 |a Ayesha Abed Library  |j General shelf  
942 |2 ddc  |c BK 
999 |c 2885  |d 2885 
952 |0 0  |1 0  |2 ddc  |4 0  |6 823_912000000000000_WOO  |7 0  |9 11242  |a BRACUL  |b BRACUL  |c GEN  |d 2010-06-24  |g 1593.00  |l 13  |m 78  |o 823.912 WOO  |p 3010011992  |r 2025-06-03  |s 2024-09-01  |t 1  |w 2010-06-24  |y BK  |x $18.99 
952 |0 0  |1 0  |2 ddc  |4 0  |6 823_912000000000000_WOO  |7 0  |9 77906  |a BRACUL  |b BRACUL  |c NEW  |d 2019-07-22  |e Donated by Farhana Zahir (Assistant Professor, BBS.)  |l 1  |m 30  |o 823.912 WOO  |p 3010044512  |r 2026-04-05  |s 2025-07-28  |t 3  |w 2025-07-24  |y BK  |x Donated by Farhana Zahir, Assistant Professor, BBS, BRAC University ; ₹399.00